[Event "LSS OP-2009-0-00971"]
[Site "LSS email"]
[Date "2009.10.19"]
[Round "?"]
[White "Myatt, John R"]
[Black "Sovago, Pol"]
[Result "1-0"]
[WhiteElo "1632"]
[BlackElo "1200"]
[PlyCount "53"]
[EventDate "2009.10.13"]
[EventType "tourn (corr)"]
[EventRounds "4"]
[EventCountry "GER"]
[SourceTitle "Telechess CBM 137"]
[Source "ChessBase"]
[SourceDate "2010.07.15"]
[SourceVersion "1"]
[SourceVersionDate "2010.07.15"]
[SourceQuality "1"]

1. d4 d6 2. e4 c5 3. dxc5 Qa5+ 4. Nc3 Qxc5 5. Be3 Qc7 6. f4 e6 7. Qd2 a6 8. Nf3 Nc6 9. Qf2 Nf6 10. Bb6 Qd7 11. 0-0-0 g6 12. e5 Ng4 13. Qg3 Ne3 14. Bxe3 d5 15. Na4 Rb8 16. h4 Na5 17. Nb6 Qc7 18. h5 Bc5 19. Qf2 Bxe3+ 20. Qxe3 Bd7 21. hxg6 fxg6 22. Bd3 Ke7 23. Bxg6 hxg6 24. Qa3+ Kf7 25. Ng5+ Kg7 26. Qe7+ Kg8 27. Qf7# 1-0

[Event "LSS OP-2009-0-00971"]
[Site "LSS email"]
[Date "2009.10.19"]
[Round "?"]
[White "Sovago, Pol"]
[Black "Jenneborg, Seved"]
[Result "1/2-1/2"]
[WhiteElo "1200"]
[BlackElo "1645"]
[PlyCount "97"]
[EventDate "2009.10.13"]
[EventType "tourn (corr)"]
[EventRounds "4"]
[EventCountry "GER"]
[SourceTitle "Telechess CBM 137"]
[Source "ChessBase"]
[SourceDate "2010.07.15"]
[SourceVersion "1"]
[SourceVersionDate "2010.07.15"]
[SourceQuality "1"]

1. d4 Nf6 2. Nc3 d5 3. Bf4 e6 4. a3 Bd6 5. Qd2 0-0 6. h3 Nc6 7. Nf3 Ne4 8. Nxe4 dxe4 9. Ne5 Bxe5 10. Bxe5 Nxe5 11. dxe5 Qxd2+ 12. Kxd2 Rd8+ 13. Kc3 e3 14. f4 b6 15. g4 Bb7 16. Rg1 Rd2 17. Bg2 Bxg2 18. Rxg2 Rad8 19. Rf1 R2d5 20. b3 Rc5+ 21. Kb2 Rd2 22. Rc1 a5 23. h4 a4 24. b4 Rc4 25. f5 exf5 26. gxf5 c5 27. b5 Rxh4 28. Rcg1 g6 29. Kc3 Rf4 30. fxg6 fxg6 31. Rg4 Rfd4 32. e6 Kf8 33. Rf1+ Ke7 34. Rg3 Rxe2 35. Rf7+ Kxe6 36. Rxh7 Kf5 37. Rf7+ Ke4 38. Re7+ Kf4 39. Rxg6 Rdd2 40. Rf6+ Kg5 41. Rxb6 Rf2 42. Rc6 Rxc2+ 43. Kd3 Rcd2+ 44. Ke4 e2 45. Rg7+ Kh5 46. Rh7+ Kg5 47. Rg7+ Kh5 48. Rh7+ Kg5 49. Rg7+ 1/2-1/2

[Event "LSS OP-2009-0-00971"]
[Site "LSS email"]
[Date "2009.10.19"]
[Round "?"]
[White "Sovago, Pol"]
[Black "Jokmin, Guido"]
[Result "1-0"]
[WhiteElo "1200"]
[BlackElo "591"]
[PlyCount "69"]
[EventDate "2009.10.13"]
[EventType "tourn (corr)"]
[EventRounds "4"]
[EventCountry "GER"]
[SourceTitle "Telechess CBM 137"]
[Source "ChessBase"]
[SourceDate "2010.07.15"]
[SourceVersion "1"]
[SourceVersionDate "2010.07.15"]
[SourceQuality "1"]

1. d4 d5 2. Nf3 c6 3. Bf4 Nf6 4. Nc3 Nbd7 5. Qd2 Nh5 6. g3 Nxf4 7. Qxf4 Nf6 8. h3 e6 9. Bg2 Be7 10. e4 0-0 11. e5 Nh5 12. Qe3 Qb6 13. 0-0-0 h6 14. g4 a5 15. gxh5 c5 16. Na4 Qc6 17. Nxc5 b6 18. Nd3 Qa4 19. Kb1 Ba6 20. b3 Qb5 21. Bf1 a4 22. Nb2 Qb4 23. Bxa6 Rxa6 24. Rhg1 Kh8 25. Rxg7 Kxg7 26. Rg1+ Kh7 27. Qd3+ Kh8 28. Qxa6 Rg8 29. Rxg8+ Kxg8 30. Qxa4 Qc3 31. Nd3 f6 32. Qe8+ Bf8 33. Qxe6+ Kg7 34. exf6+ Kh7 35. Qf7+ 1-0